<?xml version="1.0" encoding="UTF-8"?>
<record
    xmlns:xsi="http://www.w3.org/2001/XMLSchema-instance"
    xsi:schemaLocation="http://www.loc.gov/MARC21/slim http://www.loc.gov/standards/marcxml/schema/MARC21slim.xsd"
    xmlns="http://www.loc.gov/MARC21/slim">

  <leader>02046nam1a22004451  4500</leader>
  <controlfield tag="001">RU\NLR\A1\12917</controlfield>
  <controlfield tag="005">20260407103927.0</controlfield>
  <datafield tag="035" ind1=" " ind2=" ">
    <subfield code="a">(NLR Aleph) 009675350</subfield>
  </datafield>
  <datafield tag="090" ind1=" " ind2=" ">
    <subfield code="a">9680003</subfield>
    <subfield code="c">9680003</subfield>
  </datafield>
  <datafield tag="100" ind1=" " ind2=" ">
    <subfield code="a">20260119              rusy50        </subfield>
  </datafield>
  <datafield tag="101" ind1="1" ind2=" ">
    <subfield code="a">rus</subfield>
    <subfield code="c">fre</subfield>
  </datafield>
  <datafield tag="102" ind1=" " ind2=" ">
    <subfield code="a">RU</subfield>
  </datafield>
  <datafield tag="140" ind1=" " ind2=" ">
    <subfield code="a">y   a   e        eayaa0000  </subfield>
  </datafield>
  <datafield tag="200" ind1="1" ind2=" ">
    <subfield code="a">&#x412;&#x438;&#x43A;&#x442;&#x43E;&#x440;, &#x438;&#x43B;&#x438; &#x414;&#x438;&#x442;&#x44F; &#x432; &#x43B;&#x435;&#x441;&#x443;,</subfield>
    <subfield code="f">&#x441;&#x43E;&#x447;&#x438;&#x43D;&#x435;&#x43D;&#x438;&#x435; &#x433;&#x43D;&#x430; &#x414;&#x44E;&#x43A;&#x440;&#x435;-&#x414;&#x44E;&#x43C;&#x438;&#x43D;&#x438;&#x43B;&#x44F;, &#x430;&#x432;&#x442;&#x43E;&#x440;&#x430; &#x41B;&#x43E;&#x43B;&#x43E;&#x442;&#x442;&#x44B; &#x438; &#x424;&#x430;&#x43D;&#x444;&#x430;&#x43D;&#x430;, &#x410;&#x43B;&#x435;&#x43A;&#x441;&#x438;&#x441;&#x430; &#x438;&#x43B;&#x438; &#x414;&#x43E;&#x43C;&#x438;&#x43A;&#x430; &#x432; &#x43B;&#x435;&#x441;&#x443;, &#x438; &#x43F;&#x440;&#x43E;&#x447;.</subfield>
    <subfield code="g">&#x41F;&#x435;&#x440;&#x435;&#x432;&#x435;&#x434;&#x435;&#x43D;&#x43D;&#x43E;&#x435; &#x441; &#x444;&#x440;&#x430;&#x43D;&#x446;&#x443;&#x437;&#x441;&#x43A;&#x430;&#x433;&#x43E; &#x43F;&#x43E;&#x434;&#x43B;&#x438;&#x43D;&#x43D;&#x438;&#x43A;&#x430;</subfield>
  </datafield>
  <datafield tag="210" ind1=" " ind2=" ">
    <subfield code="a">&#x41C;&#x43E;&#x441;&#x43A;&#x432;&#x430;</subfield>
    <subfield code="c">&#x432; &#x423;&#x43D;&#x438;&#x432;&#x435;&#x440;&#x441;&#x438;&#x442;&#x435;&#x442;&#x441;&#x43A;&#x43E;&#x439; &#x442;&#x438;&#x43F;&#x43E;&#x433;&#x440;&#x430;&#x444;&#x438;&#x438;, &#x443; &#x420;&#x438;&#x434;&#x438;&#x433;&#x435;&#x440;&#x430; &#x438; &#x41A;&#x43B;&#x430;&#x443;&#x434;&#x438;&#x44F;</subfield>
    <subfield code="d">1799-1800</subfield>
  </datafield>
  <datafield tag="215" ind1=" " ind2=" ">
    <subfield code="d">12&#xB0;</subfield>
  </datafield>
  <datafield tag="300" ind1=" " ind2=" ">
    <subfield code="a">&#x426;&#x435;&#x43D;&#x437;.: &#x41C;&#x43E;&#x441;&#x43A;. &#x446;&#x435;&#x43D;&#x437;.</subfield>
  </datafield>
  <datafield tag="321" ind1="1" ind2=" ">
    <subfield code="a">&#x421;&#x41A; XVIII 2083</subfield>
  </datafield>
  <datafield tag="327" ind1="0" ind2=" ">
    <subfield code="a">&#x41D;&#x430; &#x441;.351-360 &#x447;.4 &#x441;&#x43F;&#x438;&#x441;&#x43E;&#x43A; &#x43F;&#x43E;&#x434;&#x438;&#x441;&#x430;&#x432;&#x448;&#x438;&#x445;&#x441;&#x44F; &#x43D;&#x430; &#x438;&#x437;&#x434;&#x430;&#x43D;&#x438;&#x435;.</subfield>
  </datafield>
  <datafield tag="463" ind1=" " ind2="0">
    <subfield code="1">001RU\NLR\A1\12918</subfield>
    <subfield code="9">9680007</subfield>
    <subfield code="d">1799</subfield>
    <subfield code="p">I-VI, 7-262 &#x441;., 1 &#x43B;. &#x438;&#x43B;.</subfield>
    <subfield code="t">&#x427;.1</subfield>
  </datafield>
  <datafield tag="463" ind1=" " ind2="0">
    <subfield code="1">001RU\NLR\A1\12919</subfield>
    <subfield code="9">9680010</subfield>
    <subfield code="d">1799</subfield>
    <subfield code="p">268 &#x441;., 1 &#x43B;. &#x438;&#x43B;.</subfield>
    <subfield code="t">&#x427;.2</subfield>
  </datafield>
  <datafield tag="463" ind1=" " ind2="0">
    <subfield code="1">001RU\NLR\A1\12920</subfield>
    <subfield code="9">9680014</subfield>
    <subfield code="d">1800</subfield>
    <subfield code="p">256 &#x441;., 1 &#x43B;. &#x438;&#x43B;.</subfield>
    <subfield code="t">&#x427;.3</subfield>
  </datafield>
  <datafield tag="463" ind1=" " ind2="0">
    <subfield code="1">001RU\NLR\A1\12921</subfield>
    <subfield code="9">9680018</subfield>
    <subfield code="d">1800</subfield>
    <subfield code="p">360 &#x441;., 1 &#x43B;. &#x438;&#x43B;.</subfield>
    <subfield code="t">&#x427;.4</subfield>
  </datafield>
  <datafield tag="517" ind1="1" ind2=" ">
    <subfield code="a">&#x414;&#x438;&#x442;&#x44F; &#x432; &#x43B;&#x435;&#x441;&#x443;</subfield>
  </datafield>
  <datafield tag="620" ind1=" " ind2=" ">
    <subfield code="d">&#x41C;&#x43E;&#x441;&#x43A;&#x432;&#x430;</subfield>
  </datafield>
  <datafield tag="700" ind1=" " ind2="1">
    <subfield code="4">070</subfield>
    <subfield code="7">ca</subfield>
    <subfield code="8">rus</subfield>
    <subfield code="a">&#x414;&#x44E;&#x43A;&#x440;&#x435;-&#x414;&#x44E;&#x43C;&#x438;&#x43D;&#x438;&#x43B;&#x44C;</subfield>
    <subfield code="b">&#x424;. &#x413;.</subfield>
    <subfield code="f">1761-1819</subfield>
    <subfield code="g">&#x424;&#x440;&#x430;&#x43D;&#x441;&#x443;&#x430; &#x413;&#x438;&#x439;&#x43E;&#x43C;</subfield>
    <subfield code="9">172794</subfield>
    <subfield code="3">RU\NLR\AUTH\770172845</subfield>
  </datafield>
  <datafield tag="702" ind1=" " ind2="1">
    <subfield code="a">&#x420;&#x438;&#x434;&#x438;&#x433;&#x435;&#x440;</subfield>
    <subfield code="b">&#x425;.</subfield>
    <subfield code="g">&#x425;&#x440;&#x438;&#x441;&#x442;&#x438;&#x430;&#x43D;</subfield>
    <subfield code="4">610</subfield>
  </datafield>
  <datafield tag="702" ind1=" " ind2="1">
    <subfield code="a">&#x41A;&#x43B;&#x430;&#x443;&#x434;&#x438;&#x439;</subfield>
    <subfield code="b">&#x425;.&#x410;.</subfield>
    <subfield code="f">-1805</subfield>
    <subfield code="g">&#x425;&#x440;&#x438;&#x441;&#x442;&#x43E;&#x444;&#x43E;&#x440; &#x410;&#x43B;&#x435;&#x43A;&#x441;&#x430;&#x43D;&#x434;&#x440;&#x43E;&#x432;&#x438;&#x447;</subfield>
    <subfield code="4">610</subfield>
  </datafield>
  <datafield tag="712" ind1="0" ind2="2">
    <subfield code="4">610</subfield>
    <subfield code="a">&#x41C;&#x43E;&#x441;&#x43A;&#x43E;&#x432;&#x441;&#x43A;&#x438;&#x439; &#x443;&#x43D;&#x438;&#x432;&#x435;&#x440;&#x441;&#x438;&#x442;&#x435;&#x442;</subfield>
    <subfield code="b">&#x422;&#x438;&#x43F;&#x43E;&#x433;&#x440;&#x430;&#x444;&#x438;&#x44F;</subfield>
    <subfield code="3">RU\NLR\AUTH\889932963</subfield>
    <subfield code="9">361140</subfield>
  </datafield>
  <datafield tag="801" ind1=" " ind2="0">
    <subfield code="a">RU</subfield>
    <subfield code="b">NLR</subfield>
    <subfield code="c">19971129</subfield>
  </datafield>
  <datafield tag="852" ind1=" " ind2=" ">
    <subfield code="a">NLR</subfield>
    <subfield code="j">18.262.5.15-2 (&#x447;.2)</subfield>
  </datafield>
  <datafield tag="852" ind1=" " ind2=" ">
    <subfield code="a">NLR</subfield>
    <subfield code="j">137/271 (&#x447;.1)</subfield>
  </datafield>
  <datafield tag="899" ind1=" " ind2=" ">
    <subfield code="a">&#x420;&#x413;&#x411;</subfield>
    <subfield code="y">&#x427;.1, 2</subfield>
  </datafield>
  <datafield tag="899" ind1=" " ind2=" ">
    <subfield code="a">&#x411;&#x410;&#x41D;</subfield>
  </datafield>
  <datafield tag="899" ind1=" " ind2=" ">
    <subfield code="a">&#x412;&#x413;&#x411;&#x418;&#x41B;</subfield>
    <subfield code="y">&#x427;.2 &#x434;&#x435;&#x444;.</subfield>
  </datafield>
  <datafield tag="899" ind1=" " ind2=" ">
    <subfield code="a">&#x413;&#x41F;&#x418;&#x411;</subfield>
  </datafield>
  <datafield tag="942" ind1=" " ind2=" ">
    <subfield code="c">BOOK</subfield>
  </datafield>
  <datafield tag="980" ind1=" " ind2=" ">
    <subfield code="a">NB</subfield>
  </datafield>
  <datafield tag="980" ind1=" " ind2=" ">
    <subfield code="a">A1XVIIIv</subfield>
  </datafield>
</record>
